000 00898nam a2200229 a 4500
001 47241
003 BD-RjUL
005 20211209054301.0
008 160807s1994 bg ||||| |||| 00| 0 ben d
020 _a9843000935
_c: Tk. 120.00
035 _a(BD-RjUL)47360
040 _aBD-RjUL
_bben
_cBD-RjUL
041 _aben
082 _223
_a336.24
_bISA 1994
100 1 _aইসলাম, আবুল খায়ের মো সামিউল
_9143819
245 1 0 _aঅভ্যন্তরীণ সম্পদ সংগ্রহের প্রক্রিয়া ও পদ্ধতি /
_c আবুল খায়ের মো সামিউল ইসলাম
260 _aরংপুর :
_bলেখক,
_c১৯৯৪
300 _a৯৬ পৃ. ;
_c১৮ সেমি.
650 _aকাস্টমস (কর)
_9143820
650 _aCustoms (tax)
_9143821
942 _2ddc
_cBK
999 _c47241
_d47241